Management services ako efektívny nástroj riadenia a podpory IT infraštruktúry
Rastúci význam optimalizácie správy IT. Pojem management services. Výhody management services pre zákazníkov.
Enregistré dans:
| Auteur principal: | |
|---|---|
| Format: | Chapitre de livre |
| Langue: | slovaque |
| Sujets: | |
| Tags: |
Pas de tags, Soyez le premier à ajouter un tag!
|
MARC
| LEADER | 00000naa$a2200000$$$4500 | ||
|---|---|---|---|
| 001 | 0109115 | ||
| 005 | 20230929121507.3 | ||
| 041 | 0 | |a slo | |
| 044 | |a SK | ||
| 245 | 1 | 0 | |a Management services ako efektívny nástroj riadenia a podpory IT infraštruktúry |c Ľudmila Zgútová |
| 520 | |a Rastúci význam optimalizácie správy IT. Pojem management services. Výhody management services pre zákazníkov. | ||
| 610 | 2 | 0 | |a efektívnosť ekonomická |
| 610 | 2 | 0 | |a technológie informačné |
| 610 | 2 | 0 | |a optimalizácia |
| 610 | 2 | 0 | |a znižovanie nákladov |
| 610 | 2 | 0 | |a manažment |
| 610 | 2 | 0 | |a zákazníci |
| 610 | 2 | 0 | |a outsourcing |
| 610 | 2 | 0 | |a nástroje riadenia |
| 610 | 2 | 0 | |a infraštruktúra informačná |
| 100 | 1 | |a Zgútová, Ľudmila | |